000 03938nam a22005297a 4500
005 20090120101831.0
008 090120t xxu||||| |||| 00| 0 eng d
010 _aB-344239-251
020 _a0439560438
_c110.00
035 _aB-344239-251
035 _aB-357787
037 _bTarun Books
040 _aDPL
_bEnglish
082 _aS
100 _aAbbott, Tony
245 _aFlight of the genie /
_cby Tony Abbott ; illustrated by David Merrell ; cover illustration by Tim Jessell.
260 _aNew York
_bScholastic
_c2008 (repr.)
270 _a557 Broadway
_bNew York
_eNY 10012
300 _a122p.
_bill.
_c20cm. (pbk)
490 _aThe secrets of Droon ; 21
500 _a"A Little Apple paperback."
650 _aDroon (Imaginary place)
_vJuvenile fiction.
655 _aFantasy fiction.
_2gsafd
700 _aMerrell, David Webber
700 _aJessell, Tim
710 _aCopyright Paperback Collection (Library of Congress)
800 _aAbbott, Tony.
_tSecrets of Droon ;
_v#21.
856 _uhttp://www.loc.gov/catdir/description/schol051/2004596435.html
942 _2ddc
_cCH
_hS
_mABB
999 _c21500
_d21500